header

Advances in chemical physics. (Record no. 141423)

MARC details
000 -LEADER
fixed length control field 01320nam a2200325 a 4500
245 00 - TITLE STATEMENT
Title Advances in chemical physics.
260 ## - PUBLICATION, DISTRIBUTION, ETC. (IMPRINT)
Place of publication Hoboken, N.J. :
Name of publisher Wiley,
Year of publication 2012.
300 ## - PHYSICAL DESCRIPTION
Number of Pages ix, 377 p., [12] p. of plates :
Other physical details ill. (some col.).
490 1# - SERIES STATEMENT
Series statement Advances in chemical physics ;
650 #0 - SUBJECT ADDED ENTRY--TOPICAL TERM
Topical Term Chemistry, Physical and theoretical.
700 1# - ADDED ENTRY--PERSONAL NAME
Personal name Rice, Stuart A.
Personal name Dinner, Aaron R.
856 40 - ELECTRONIC LOCATION AND ACCESS
Uniform Resource Identifier http://site.ebrary.com/lib/rucke/Doc?id=10521428

No items available.

© 2026 Rongo University
Contact us: librarian | system librarian | Rongo university